Click the Colored Squares Quiz Stats

 Plays Quiz Updated Jul 17, 2017

Support Sporcle.
Go Orange.
Score 0/33 Timer 00:30
0 Plays Today
% Correct
???
98.2%
???
94.6%
???
93.7%
???
92%
???
91.7%
???
90.4%
???
89.3%
???
89.3%
???
88.8%
???
88.7%
???
87.9%
???
87.2%
???
86.8%
???
86.7%
???
85.8%
???
84.2%
???
83.6%
% Correct
???
83.4%
???
83.2%
???
82.1%
???
81.7%
???
81.5%
???
81.2%
???
80.9%
???
79.7%
???
79.5%
???
78.5%
???
78.1%
???
77.9%
???
76.4%
???
76.1%
???
74.2%
???
72.7%

You're not logged in!

Compare scores with friends on all Sporcle quizzes.
OR
Log In
Forgot?

From the Vault

Top UK Universities

by davidr

These rankings are clearly dubious, since they don't take into account the quality of the student bars.
Remove Ads.
Support Sporcle.
Get the best of Sporcle when you Go Orange. This ad-free experience offers more features, more stats, and more fun while also helping to support Sporcle. Thank you for becoming a member.

Show Comments

Extras

Top Quizzes Today


Score Distribution

Your Account Isn't Verified!

In order to create a playlist on Sporcle, you need to verify the email address you used during registration. Go to your Sporcle Settings to finish the process.

Report this User

Report this user for behavior that violates our Community Guidelines.

Details: